01592nam a2200325 a 4500001001000000003000400010005001700014008004100031020001800072040002500090082002100115100003600136245010700172250001200279260003600291300002800327500007300355504003300428590002600461650003200487650003300519910003700552942001400589952013400603952013400737952013400871952011901005952012501124999001701249000037890OSt20201111141949.0130308s2012 dr a 001 0 spa d a9789945460575 aDO-SdBNPbspacBNPHU a465bM971L, 20121 aMuñoz, Orlando,d1972-93321113aLa lengua en movimiento :bmanual de teoría y ejercicios de la lengua española /cOrlando Muñoz. a2ª ed. aSanto Domingo :bBúho,c2012. a410 p. :bil. ;c24 cm. aIncluye datos biográficos del autor en las solapas de la cubierta. aBibliografía : p. 407-410. aInventariado, 2018/LP 4aEspañolxEnseñanza9406 4aEspañolxGramática93475 aValidado. Control de calidad EMS 2ddccLBS1 001054708DSaGRbGRcHDd2013-03-08iLF1l0o465 M971L, 2012p37890-30r2020-06-25te. 3w2020-06-25yLFDSZPréstamo en sala 001054708DSaGRbGRcHDd2013-06-04iLF1l0o465 M971L, 2012p37890-40r2020-06-25te. 4w2020-06-25yLFDSZPréstamo en sala 001054708DSaGRbGRcHDd2013-06-04iLF1l0o465 M971L, 2012p37890-50r2020-06-25te. 5w2020-06-25yLFDSZPréstamo en sala 0010718PDaPDbPDcHDd2013-03-08iLF1l0o465 M971L, 2012p37890-10r2020-06-25w2020-06-25yLFPDZNo se presta 0010718PDaPDbPDcHDd2013-03-08iLF1l0o465 M971L, 2012p37890-20r2020-06-25te. 2w2020-06-25yLFPDZNo se presta c37380d37380